MARC

LEADER 00000nam2a2200000 4500
001 678316
005 20250124153022.0
090 |a 678316 
100 |a 20250124d2024 k||y0rusy50 ca 
101 0 |a rus 
102 |a RU 
105 |a a z 001yy 
181 0 |a i   |b  e  
182 0 |a n 
183 0 |a nc  |2 RDAcarrier 
200 0 |a № 3-4 (123-124) июль-декабрь 
203 |a Текст  |b визуальный  |c непосредственный 
210 |d 2024 
215 |a 104 с.  |c ил. 
283 |a volume  |2 RDAcarrier 
320 |a Библиография в конце статей 
461 1 |0 379987  |9 379987  |t Вестник Российского фонда фундаментальных исследований  |l Russian Foundation for Basic Research Journal  |o научный журнал  |f Российский фонд фундаментальных исследований (РФФИ)  |c Москва  |n Изд-во РФФИ  |d 1984-  |v № 3-4 (123-124) июль-декабрь  |x 1605-8070 
801 0 |a RU  |b 63413507  |c 20250124  |g PSBO 
942 |c CR